000 00648nam a2200205Ia 4500
001 10023
003 GE_BSU
008 181216s||||||||xx |||||||||||||| ||und||
040 _cGE_BSU
080 _a821.353.1–84
100 _aრუსთაველი,შოთა
245 _aაფორიზმები=Афоризмы
245 _cრედ.გ.ხოხნაული.მხატვ.თ.სამსონაძე
260 _aთბილისი
260 _bნაკადული
260 _c1966
300 _a30გვ.ილ.17სმ.
653 _aაფორიზმები=Афоризмы
942 _cBK
999 _c43296
_d43296